000 00281nam a22001337a 4500
082 _a494
_bTHI/K
100 _aTHIVARI, BHADREENATH
100 _aSIMH, RAJENDRAPRASAD
245 _aKAVYATHRA
260 _aDELHI
_bRAJKAMAL
300 _a106
650 _aPOETRY
_zINDIA
942 _cBK
999 _c4500
_d4500